000 00797nam a2200217Ia 4500
003 Ost
005 20260507075114.0
008 260507s9999||||xx |||||||||||||| ||und||
040 _cfsecg
041 _aara
082 _a500
100 _aمنصور، عوض
_eمؤلف
245 0 _aأسس التحليل الرياضي /
_c عوض منصور
260 _aعمان:
_bدار مروان للنشر,
_c1992
300 _a200 صفحة؛
_bإيضاحات ؛
_c24 سم
504 _aببليوغرافيا:ص.197
520 _aالنهايات،الاتصال،الاتصال المنتظم والاقترانات الوتيرية،الاشتقاق،تكامل ريمان
653 _aالتحليل الرياضي
700 _aعزام، صبري
_eمؤلف ثانوي
942 _cكتاب
999 _c42986
_d42986